000 00812cam a2200277 4500500
005 20260329005220.0
041 _afre
042 _adc
100 1 0 _aEltchaninoff, Michel
_eauthor
245 0 0 _aJean-François Braunstein-Alex Mahoudeau : oui, on peut encore tout dire !
260 _c2022.
500 _a93
690 _aCancel Culture
690 _aÉmancipation
690 _aGenre
690 _aIdentité
690 _aLiberté d’expression
690 _aOffense
690 _aPolitique
690 _aRace
690 _aTransidentité
690 _aUniversité
690 _awoke
786 0 _nPhilosophie magazine | 165 | 12 | 2022-12-01 | p. 33-34 | 1951-1787
856 4 1 _uhttps://shs.cairn.info/magazine-philosophie-magazine-2022-12-page-33?lang=fr&redirect-ssocas=7080
999 _c1841393
_d1841393